000 00349nam a2200157Ia 4500
003 Ost
005 20260225132553.0
008 260225s9999||||xx |||||||||||||| ||und||
040 _cfsic
041 _afre
082 _a440
100 _aJean A.Keim
_eAuteur
245 0 _aHistoire de la photographie /
245 0 _cJean A.Keim
942 _cكتاب
999 _c34247
_d34247